[Event "DEM U14 2021"]
[Site "Willingen GER"]
[Date "2021.08.23"]
[Round "2"]
[White "Prieb, Robert"]
[Black "Hayen, Andre"]
[Result "1/2-1/2"]
[Termination "normal"]
[Board "12"]
[WhiteTitle "CM"]
[WhiteElo "1950"]
[BlackElo "1438"]
[WhiteClock "00:32:36"]
[BlackClock "01:00:02"]
[PlyCount "55"]
[WhiteFideId "16212002"]
[BlackFideId "16278984"]
[EventCountry "GER"]
[EventRounds "9"]
[EventType "swiss"]
[EventDate "2021.08.22"]

1. d4 {[%clk 1:30:53]} d5 {[%clk 1:30:56]} 2. c4 {[%clk 1:31:03]} c6 {[%clk
1:31:20]} 3. Nf3 {[%clk 1:31:00]} Nf6 {[%clk 1:31:45]} 4. Qc2 {[%clk 1:30:32]}
e6 {[%clk 1:31:04]} 5. g3 {[%clk 1:29:20]} Be7 {[%clk 1:29:34]} 6. Bg2 {[%clk
1:29:28]} Nbd7 {[%clk 1:29:26]} 7. O-O {[%clk 1:29:26]} O-O {[%clk 1:29:37]} 8.
Nbd2 {[%clk 1:28:18]} b6 {[%clk 1:27:42]} 9. e4 {[%clk 1:26:17]} dxe4 {[%clk
1:25:36]} 10. Nxe4 {[%clk 1:26:26]} Bb7 {[%clk 1:24:28]} 11. Nxf6+ {[%clk
1:20:42]} Bxf6 {[%clk 1:24:23]} 12. Rd1 {[%clk 1:19:01]} Qc8 {[%clk 1:18:53]}
13. Bf4 {[%clk 1:12:43]} Re8 {[%clk 1:16:13]} 14. Rd2 {[%clk 1:08:17]} e5
{[%clk 1:10:06]} 15. dxe5 {[%clk 1:04:57]} Nxe5 {[%clk 1:10:19]} 16. Rad1
{[%clk 1:02:07]} c5 {[%clk 1:06:58]} 17. Nxe5 {[%clk 0:58:04]} Bxg2 {[%clk
1:05:33]} 18. Kxg2 {[%clk 0:52:50]} Bxe5 {[%clk 1:05:39]} 19. Bxe5 {[%clk
0:50:14]} Qc6+ {[%clk 1:04:37]} 20. Kg1 {[%clk 0:47:46]} Rxe5 {[%clk 1:04:24]}
21. Qc3 {[%clk 0:43:32]} Rae8 {[%clk 1:02:46]} 22. Rd8 {[%clk 0:41:08]} Rxd8
{[%clk 1:00:52]} 23. Rxd8+ {[%clk 0:41:28]} Re8 {[%clk 1:01:21]} 24. Qf3 {[%clk
0:35:17]} Qe6 {[%clk 0:59:07]} 25. Qa8 {[%clk 0:33:25]} Kf8 {[%clk 0:59:30]}
26. Rxe8+ {[%clk 0:32:22]} Qxe8 {[%clk 0:59:52]} 27. Qxa7 {[%clk 0:32:12]} Qe1+
{[%clk 1:00:02]} 28. Kg2 {[%clk 0:32:36]} 1/2-1/2

[Event "DEM U14 2021"]
[Site "Willingen GER"]
[Date "2021.08.23"]
[Round "2"]
[White "Kempe, Caius Emilian"]
[Black "Müller, Maximilian"]
[Result "0-1"]
[Termination "normal"]
[Board "13"]
[WhiteElo "2013"]
[BlackElo "1651"]
[WhiteClock "00:41:15"]
[BlackClock "00:13:21"]
[PlyCount "104"]
[WhiteFideId "16246861"]
[BlackFideId "16243552"]
[EventCountry "GER"]
[EventRounds "9"]
[EventType "swiss"]
[EventDate "2021.08.22"]

1. d4 {[%clk 1:30:57]} Nf6 {[%clk 1:30:56]} 2. c4 {[%clk 1:31:19]} g6 {[%clk
1:31:24]} 3. Nc3 {[%clk 1:31:42]} Bg7 {[%clk 1:31:51]} 4. e4 {[%clk 1:32:02]}
d6 {[%clk 1:32:18]} 5. f3 {[%clk 1:32:21]} O-O {[%clk 1:32:42]} 6. Be3 {[%clk
1:32:44]} c6 {[%clk 1:33:08]} 7. Qd2 {[%clk 1:32:55]} a6 {[%clk 1:33:35]} 8.
Nge2 {[%clk 1:31:09]} b5 {[%clk 1:31:02]} 9. Ng3 {[%clk 1:27:08]} bxc4 {[%clk
1:27:30]} 10. Bxc4 {[%clk 1:27:20]} d5 {[%clk 1:27:56]} 11. Bb3 {[%clk
1:26:39]} e6 {[%clk 1:27:30]} 12. O-O {[%clk 1:26:51]} a5 {[%clk 1:25:01]} 13.
Rac1 {[%clk 1:25:46]} Ba6 {[%clk 1:24:15]} 14. Rfd1 {[%clk 1:21:50]} dxe4
{[%clk 1:22:20]} 15. Ngxe4 {[%clk 1:18:28]} Nd5 {[%clk 1:20:38]} 16. Bf2 {[%clk
1:18:44]} Nd7 {[%clk 1:14:34]} 17. Na4 {[%clk 1:18:39]} Bb5 {[%clk 1:14:01]}
18. Nac5 {[%clk 1:15:52]} a4 {[%clk 1:14:13]} 19. Bc2 {[%clk 1:15:57]} N7b6
{[%clk 1:11:03]} 20. b3 {[%clk 1:12:24]} axb3 {[%clk 1:11:19]} 21. Bxb3 {[%clk
1:12:47]} Qe7 {[%clk 1:05:37]} 22. Rc2 {[%clk 1:05:18]} Rfd8 {[%clk 0:57:51]}
23. Qe1 {[%clk 1:01:58]} h6 {[%clk 0:47:24]} 24. Nd3 {[%clk 0:57:42]} Bxd3
{[%clk 0:41:54]} 25. Rxd3 {[%clk 0:57:20]} Nb4 {[%clk 0:42:16]} 26. Rcd2 {[%clk
0:50:24]} Nxd3 {[%clk 0:42:34]} 27. Rxd3 {[%clk 0:50:53]} Nd5 {[%clk 0:41:01]}
28. Nc5 {[%clk 0:50:29]} Nf4 {[%clk 0:36:41]} 29. Rd1 {[%clk 0:50:11]} Qg5
{[%clk 0:31:07]} 30. g3 {[%clk 0:50:15]} Nh3+ {[%clk 0:27:42]} 31. Kg2 {[%clk
0:50:35]} Nxf2 {[%clk 0:28:09]} 32. Qxf2 {[%clk 0:50:54]} Qe7 {[%clk 0:27:40]}
33. h4 {[%clk 0:48:50]} Qd6 {[%clk 0:27:21]} 34. h5 {[%clk 0:48:29]} gxh5
{[%clk 0:27:10]} 35. Qe3 {[%clk 0:47:29]} Qe7 {[%clk 0:25:47]} 36. Qe4 {[%clk
0:47:02]} Rac8 {[%clk 0:25:31]} 37. a4 {[%clk 0:47:06]} Qg5 {[%clk 0:24:15]}
38. a5 {[%clk 0:45:27]} h4 {[%clk 0:24:07]} 39. g4 {[%clk 0:43:51]} Qf6 {[%clk
0:20:47]} 40. a6 {[%clk 0:40:39]} Rxd4 {[%clk 0:17:58]} 41. Rxd4 {[%clk
0:40:56]} Qxd4 {[%clk 0:18:23]} 42. Qxd4 {[%clk 0:41:03]} Bxd4 {[%clk 0:18:52]}
43. Nxe6 {[%clk 0:41:19]} Be3 {[%clk 0:19:11]} 44. a7 {[%clk 0:40:47]} Bxa7
{[%clk 0:16:08]} 45. Nf4 {[%clk 0:40:58]} Be3 {[%clk 0:16:21]} 46. Nd3 {[%clk
0:41:19]} c5 {[%clk 0:16:21]} 47. Ne5 {[%clk 0:41:02]} Rc7 {[%clk 0:15:03]} 48.
Bd5 {[%clk 0:41:13]} Bf4 {[%clk 0:13:49]} 49. Nc4 {[%clk 0:41:13]} Rd7 50. Bc6
{[%clk 0:41:05]} Ra7 {[%clk 0:14:18]} 51. Kh3 {[%clk 0:41:15]} Ra2 {[%clk
0:13:21]} 52. g5 h5 {[%clk 0:13:21]} 0-1

[Event "DEM U14 2021"]
[Site "Willingen GER"]
[Date "2021.08.23"]
[Round "2"]
[White "Krüger, Arthur"]
[Black "Schwartz, Oliver"]
[Result "1-0"]
[Termination "normal"]
[Board "15"]
[WhiteElo "1643"]
[BlackElo "1896"]
[WhiteClock "00:13:03"]
[BlackClock "00:03:01"]
[PlyCount "69"]
[WhiteFideId "16244966"]
[BlackFideId "16207459"]
[EventCountry "GER"]
[EventRounds "9"]
[EventType "swiss"]
[EventDate "2021.08.22"]

1. d4 {[%clk 1:30:57]} Nf6 {[%clk 1:30:44]} 2. Nf3 {[%clk 1:29:19]} e6 {[%clk
1:29:19]} 3. Bf4 {[%clk 1:29:41]} c5 {[%clk 1:24:19]} 4. e3 {[%clk 1:29:23]}
Nc6 {[%clk 1:23:15]} 5. c3 {[%clk 1:29:31]} Be7 {[%clk 1:20:13]} 6. Bd3 {[%clk
1:29:10]} O-O {[%clk 1:16:51]} 7. Nbd2 {[%clk 1:28:12]} cxd4 {[%clk 1:08:57]}
8. exd4 {[%clk 1:28:21]} d6 {[%clk 1:06:28]} 9. Qe2 {[%clk 1:22:35]} Re8 {[%clk
0:58:05]} 10. O-O {[%clk 1:21:48]} Bf8 {[%clk 0:52:25]} 11. Rad1 {[%clk
1:13:14]} e5 {[%clk 0:42:46]} 12. dxe5 {[%clk 1:12:40]} dxe5 {[%clk 0:43:04]}
13. Bg3 {[%clk 1:04:21]} Bg4 {[%clk 0:33:53]} 14. Ne4 {[%clk 1:01:33]} Qe7
{[%clk 0:31:48]} 15. Bh4 {[%clk 0:58:20]} Qe6 {[%clk 0:17:15]} 16. Bxf6 {[%clk
0:44:53]} gxf6 {[%clk 0:17:36]} 17. h3 {[%clk 0:40:06]} Bh5 {[%clk 0:14:43]}
18. g4 {[%clk 0:34:50]} Bg6 {[%clk 0:13:36]} 19. Bc4 {[%clk 0:35:02]} Qe7
{[%clk 0:13:27]} 20. Rd7 {[%clk 0:29:13]} Bxe4 {[%clk 0:05:47]} 21. Rxe7 {[%clk
0:28:53]} Bxf3 {[%clk 0:06:10]} 22. Bxf7+ {[%clk 0:24:59]} Kh8 {[%clk 0:06:11]}
23. Qxf3 {[%clk 0:24:23]} Rxe7 {[%clk 0:06:36]} 24. Bd5 {[%clk 0:24:20]} Rc8
{[%clk 0:05:37]} 25. Qxf6+ {[%clk 0:23:30]} Bg7 {[%clk 0:05:58]} 26. Qh4 {[%clk
0:21:28]} Rec7 {[%clk 0:05:19]} 27. Be4 {[%clk 0:20:58]} Bf8 {[%clk 0:05:43]}
28. Rd1 {[%clk 0:16:20]} Rf7 {[%clk 0:04:34]} 29. Qh5 {[%clk 0:14:41]} Re7
{[%clk 0:02:29]} 30. Qf5 {[%clk 0:13:24]} Rce8 {[%clk 0:02:11]} 31. Rd7 {[%clk
0:13:02]} Rxd7 {[%clk 0:02:07]} 32. Qxd7 {[%clk 0:13:20]} Re7 {[%clk 0:02:22]}
33. Qf5 {[%clk 0:13:21]} Bh6 {[%clk 0:02:36]} 34. g5 {[%clk 0:12:40]} Bxg5
{[%clk 0:03:01]} 35. Qf8# {[%clk 0:13:03]} 1-0

[Event "DEM U14 2021"]
[Site "Willingen GER"]
[Date "2021.08.23"]
[Round "2"]
[White "Kieselbach, Marvin"]
[Black "Pick, Max"]
[Result "1-0"]
[Termination "normal"]
[Board "17"]
[WhiteElo "1592"]
[BlackElo "1794"]
[WhiteClock "00:22:30"]
[BlackClock "00:03:04"]
[PlyCount "61"]
[WhiteFideId "16235770"]
[BlackFideId "16210883"]
[EventCountry "GER"]
[EventRounds "9"]
[EventType "swiss"]
[EventDate "2021.08.22"]

1. d4 {[%clk 1:30:57]} d5 {[%clk 1:30:45]} 2. Nf3 {[%clk 1:30:58]} Nf6 {[%clk
1:30:54]} 3. e3 {[%clk 1:31:17]} Bg4 {[%clk 1:30:43]} 4. h3 {[%clk 1:31:38]}
Bh5 {[%clk 1:31:02]} 5. g4 {[%clk 1:32:00]} Bg6 {[%clk 1:31:13]} 6. Ne5 {[%clk
1:32:18]} Nfd7 {[%clk 1:29:41]} 7. Bg2 {[%clk 1:28:26]} Nxe5 {[%clk 1:28:08]}
8. dxe5 {[%clk 1:28:54]} e6 {[%clk 1:28:16]} 9. c4 {[%clk 1:27:22]} c6 {[%clk
1:27:17]} 10. Nc3 {[%clk 1:23:07]} Nd7 {[%clk 1:19:07]} 11. cxd5 {[%clk
1:22:44]} cxd5 {[%clk 1:19:16]} 12. e4 {[%clk 1:14:54]} Nxe5 {[%clk 1:17:19]}
13. Bf4 {[%clk 1:13:55]} Nc6 {[%clk 1:12:35]} 14. exd5 {[%clk 1:13:50]} exd5
{[%clk 1:12:45]} 15. Nxd5 {[%clk 1:07:23]} Qa5+ {[%clk 0:49:57]} 16. Kf1 {[%clk
1:00:06]} O-O-O {[%clk 0:46:06]} 17. Qb3 {[%clk 0:53:15]} Qa6+ {[%clk 0:43:10]}
18. Kg1 {[%clk 0:53:07]} Bd6 {[%clk 0:43:00]} 19. Qg3 {[%clk 0:36:44]} Bxf4
{[%clk 0:38:34]} 20. Qxf4 {[%clk 0:36:57]} Rd7 {[%clk 0:38:06]} 21. Rc1 {[%clk
0:36:18]} Rhd8 {[%clk 0:36:55]} 22. Nb4 {[%clk 0:32:13]} Qa4 {[%clk 0:06:53]}
23. b3 {[%clk 0:27:18]} Qa5 {[%clk 0:06:50]} 24. Nxc6 {[%clk 0:24:07]} bxc6
{[%clk 0:06:55]} 25. Rxc6+ {[%clk 0:23:41]} Rc7 {[%clk 0:07:03]} 26. b4 {[%clk
0:21:36]} Rd1+ {[%clk 0:04:39]} 27. Kh2 {[%clk 0:21:40]} Rxh1+ {[%clk 0:04:10]}
28. Bxh1 {[%clk 0:21:53]} Rxc6 {[%clk 0:03:34]} 29. bxa5 {[%clk 0:22:13]} Rc2
{[%clk 0:03:21]} 30. a4 {[%clk 0:22:14]} Rc5 {[%clk 0:03:04]} 31. a6 {[%clk
0:22:30]} 1-0

[Event "DEM U14 2021"]
[Site "Willingen GER"]
[Date "2021.08.23"]
[Round "2"]
[White "Amrhein, Dennis"]
[Black "Rose, Daniel"]
[Result "0-1"]
[Termination "normal"]
[Board "18"]
[WhiteElo "1267"]
[BlackElo "1848"]
[WhiteClock "00:37:29"]
[BlackClock "00:16:10"]
[PlyCount "64"]
[WhiteFideId "16254570"]
[BlackFideId "16242963"]
[EventCountry "GER"]
[EventRounds "9"]
[EventType "swiss"]
[EventDate "2021.08.22"]

1. d4 {[%clk 1:30:57]} d5 {[%clk 1:30:55]} 2. Bf4 {[%clk 1:31:21]} c5 {[%clk
1:31:20]} 3. c3 {[%clk 1:31:18]} Nc6 {[%clk 1:31:33]} 4. e3 {[%clk 1:31:39]}
Bf5 {[%clk 1:31:41]} 5. Bd3 {[%clk 1:31:43]} Bxd3 {[%clk 1:31:02]} 6. Qxd3
{[%clk 1:32:09]} Nf6 {[%clk 1:30:17]} 7. Nd2 {[%clk 1:32:13]} e6 {[%clk
1:29:58]} 8. Ngf3 {[%clk 1:32:32]} Bd6 {[%clk 1:28:56]} 9. Bxd6 {[%clk
1:31:18]} Qxd6 {[%clk 1:29:26]} 10. O-O {[%clk 1:31:33]} O-O {[%clk 1:28:23]}
11. Rfe1 {[%clk 1:31:26]} c4 {[%clk 1:22:22]} 12. Qe2 {[%clk 1:30:42]} b5
{[%clk 1:03:35]} 13. e4 {[%clk 1:29:39]} Nh5 {[%clk 0:53:05]} 14. g3 {[%clk
1:27:19]} g6 {[%clk 0:50:40]} 15. e5 {[%clk 1:21:39]} Qe7 {[%clk 0:50:15]} 16.
Qe3 {[%clk 1:21:34]} Rab8 {[%clk 0:42:03]} 17. b3 {[%clk 1:12:47]} a5 {[%clk
0:38:58]} 18. bxc4 {[%clk 1:11:48]} bxc4 {[%clk 0:39:12]} 19. Rab1 {[%clk
1:11:51]} Ng7 {[%clk 0:34:50]} 20. Nh4 {[%clk 1:09:21]} Qa3 {[%clk 0:34:40]}
21. Ndf3 {[%clk 1:01:21]} Qxa2 {[%clk 0:18:56]} 22. Rxb8 {[%clk 1:01:21]} Nxb8
{[%clk 0:19:23]} 23. Qh6 {[%clk 1:00:50]} f6 {[%clk 0:19:42]} 24. Rf1 {[%clk
1:00:14]} Nd7 {[%clk 0:19:39]} 25. exf6 {[%clk 0:50:12]} Rxf6 {[%clk 0:16:36]}
26. Ng5 {[%clk 0:47:40]} Nf8 {[%clk 0:16:56]} 27. g4 {[%clk 0:45:24]} Qd2
{[%clk 0:16:03]} 28. Nhf3 {[%clk 0:45:16]} Rxf3 {[%clk 0:16:02]} 29. Kg2 {[%clk
0:38:33]} Rxc3 {[%clk 0:15:48]} 30. Rb1 {[%clk 0:37:46]} Qxd4 {[%clk 0:15:47]}
31. h3 {[%clk 0:37:37]} Rc2 {[%clk 0:15:57]} 32. Qh4 {[%clk 0:37:29]} Nf5
{[%clk 0:16:10]} 0-1

[Event "DEM U14 2021"]
[Site "Willingen GER"]
[Date "2021.08.23"]
[Round "2"]
[White "Schön, Florian"]
[Black "Lippitz, Jaden"]
[Result "1-0"]
[Termination "normal"]
[Board "19"]
[WhiteElo "1642"]
[BlackElo "1615"]
[WhiteClock "00:41:04"]
[BlackClock "00:59:16"]
[PlyCount "59"]
[WhiteFideId "16259394"]
[BlackFideId "34608893"]
[EventCountry "GER"]
[EventRounds "9"]
[EventType "swiss"]
[EventDate "2021.08.22"]

1. e4 {[%clk 1:30:33]} c5 {[%clk 1:30:42]} 2. Nc3 {[%clk 1:30:56]} d6 {[%clk
1:30:57]} 3. f4 {[%clk 1:31:14]} Nc6 {[%clk 1:30:55]} 4. Bb5 {[%clk 1:31:36]}
Bd7 {[%clk 1:31:04]} 5. Bxc6 {[%clk 1:30:31]} Bxc6 {[%clk 1:31:32]} 6. Nf3
{[%clk 1:30:11]} Nf6 {[%clk 1:31:06]} 7. d3 {[%clk 1:28:03]} g6 {[%clk
1:29:23]} 8. O-O {[%clk 1:27:13]} Qb6 {[%clk 1:28:34]} 9. Rb1 {[%clk 1:23:22]}
Bg7 {[%clk 1:27:41]} 10. Be3 {[%clk 1:22:47]} Ng4 {[%clk 1:26:21]} 11. Bf2
{[%clk 1:21:46]} Nxf2 {[%clk 1:26:15]} 12. Rxf2 {[%clk 1:21:35]} Bxc3 {[%clk
1:21:41]} 13. bxc3 {[%clk 1:21:56]} Qa5 {[%clk 1:21:51]} 14. Qd2 {[%clk
1:17:35]} Qxa2 {[%clk 1:21:41]} 15. Rff1 {[%clk 1:17:59]} O-O {[%clk 1:18:58]}
16. c4 {[%clk 1:11:28]} b6 {[%clk 1:16:11]} 17. f5 {[%clk 0:54:46]} f6 {[%clk
1:09:42]} 18. Ra1 {[%clk 0:49:21]} Qxa1 {[%clk 1:06:23]} 19. Rxa1 {[%clk
0:49:47]} a5 {[%clk 1:06:22]} 20. fxg6 {[%clk 0:48:30]} hxg6 {[%clk 1:06:04]}
21. Nh4 {[%clk 0:48:17]} Kg7 {[%clk 1:05:28]} 22. Qe2 {[%clk 0:47:12]} a4
{[%clk 1:03:42]} 23. Qg4 {[%clk 0:47:18]} g5 {[%clk 1:03:17]} 24. Nf5+ {[%clk
0:46:27]} Kf7 {[%clk 1:03:10]} 25. Qh5+ {[%clk 0:46:06]} Ke6 {[%clk 1:03:05]}
26. Ng7+ {[%clk 0:46:22]} Kd7 {[%clk 1:02:37]} 27. Qg4+ {[%clk 0:46:43]} f5
{[%clk 1:01:29]} 28. exf5 {[%clk 0:46:11]} Kc8 {[%clk 0:59:11]} 29. f6+ {[%clk
0:40:38]} Bd7 {[%clk 0:59:16]} 30. Qe4 {[%clk 0:41:04]} 1-0

[Event "DEM U14 2021"]
[Site "Willingen GER"]
[Date "2021.08.23"]
[Round "2"]
[White "Pfeffer, Samuel"]
[Black "Sundui, Chinguun"]
[Result "1/2-1/2"]
[Termination "normal"]
[Board "20"]
[WhiteElo "1487"]
[BlackElo "1853"]
[WhiteClock "00:12:25"]
[BlackClock "00:30:06"]
[PlyCount "71"]
[WhiteFideId "16249160"]
[BlackFideId "4907930"]
[EventCountry "GER"]
[EventRounds "9"]
[EventType "swiss"]
[EventDate "2021.08.22"]

1. d4 {[%clk 1:30:56]} Nf6 {[%clk 1:30:55]} 2. c4 {[%clk 1:31:01]} e6 {[%clk
1:31:22]} 3. Nc3 {[%clk 1:31:06]} Bb4 {[%clk 1:31:48]} 4. g3 {[%clk 1:30:56]}
Nc6 {[%clk 1:30:37]} 5. Bg2 {[%clk 1:30:19]} O-O {[%clk 1:30:53]} 6. Nf3 {[%clk
1:27:07]} d6 {[%clk 1:30:44]} 7. O-O {[%clk 1:25:03]} Bxc3 {[%clk 1:30:53]} 8.
bxc3 {[%clk 1:25:29]} Qe7 {[%clk 1:30:18]} 9. Re1 {[%clk 1:22:54]} e5 {[%clk
1:30:17]} 10. e4 {[%clk 1:19:47]} Bd7 {[%clk 1:25:07]} 11. d5 {[%clk 1:16:52]}
Nb8 {[%clk 1:25:15]} 12. Rb1 {[%clk 1:15:06]} b6 {[%clk 1:25:33]} 13. Qc2
{[%clk 1:05:17]} a5 {[%clk 1:22:15]} 14. h3 {[%clk 1:02:29]} Na6 {[%clk
1:21:26]} 15. Be3 {[%clk 1:01:06]} Ne8 {[%clk 1:18:43]} 16. Nd2 {[%clk
0:55:24]} f5 {[%clk 1:14:10]} 17. f4 {[%clk 0:54:35]} fxe4 {[%clk 1:07:57]} 18.
Bxe4 {[%clk 0:54:52]} Nf6 {[%clk 1:07:43]} 19. Bg2 {[%clk 0:54:05]} exf4 {[%clk
1:02:31]} 20. Bxf4 {[%clk 0:52:08]} Qf7 {[%clk 1:02:51]} 21. Nf3 {[%clk
0:51:05]} h6 {[%clk 1:01:55]} 22. Nd4 {[%clk 0:48:40]} Nc5 {[%clk 1:00:44]} 23.
Re2 {[%clk 0:43:20]} Rae8 {[%clk 0:58:29]} 24. Rbe1 {[%clk 0:40:58]} Nh5 {[%clk
0:57:16]} 25. Ne6 {[%clk 0:36:27]} Nxf4 {[%clk 0:51:34]} 26. Nxf4 {[%clk
0:31:24]} Bf5 {[%clk 0:50:27]} 27. Qd2 {[%clk 0:29:33]} g5 {[%clk 0:46:03]} 28.
Ne6 {[%clk 0:28:52]} Bxe6 {[%clk 0:44:06]} 29. dxe6 {[%clk 0:29:18]} Qe7 {[%clk
0:43:38]} 30. h4 {[%clk 0:22:56]} Kg7 {[%clk 0:38:21]} 31. Bc6 {[%clk 0:17:33]}
Rd8 {[%clk 0:38:15]} 32. Qd4+ {[%clk 0:14:52]} Rf6 {[%clk 0:34:10]} 33. hxg5
{[%clk 0:14:41]} hxg5 {[%clk 0:34:24]} 34. Qg4 {[%clk 0:14:51]} Rg6 {[%clk
0:30:14]} 35. Qd4+ {[%clk 0:12:25]} Rf6 {[%clk 0:30:06]} 36. Qg4 1/2-1/2

[Event "DEM U14 2021"]
[Site "Willingen GER"]
[Date "2021.08.23"]
[Round "2"]
[White "Uhlmann, Tim"]
[Black "Kieselbach, Jannik"]
[Result "1-0"]
[Termination "normal"]
[Board "22"]
[WhiteElo "1704"]
[BlackElo "1462"]
[WhiteClock "01:07:05"]
[BlackClock "00:08:42"]
[PlyCount "129"]
[WhiteFideId "16239210"]
[BlackFideId "16246403"]
[EventCountry "GER"]
[EventRounds "9"]
[EventType "swiss"]
[EventDate "2021.08.22"]

1. e4 {[%clk 1:30:57]} c5 {[%clk 1:30:54]} 2. Nf3 {[%clk 1:31:16]} Nc6 {[%clk
1:31:18]} 3. d4 {[%clk 1:31:38]} cxd4 {[%clk 1:31:43]} 4. Nxd4 {[%clk 1:32:02]}
Nf6 {[%clk 1:32:03]} 5. Nc3 {[%clk 1:32:00]} e5 {[%clk 1:32:00]} 6. Ndb5 {[%clk
1:32:20]} d6 {[%clk 1:32:22]} 7. f3 {[%clk 1:32:34]} a6 {[%clk 1:32:08]} 8. Na3
{[%clk 1:32:59]} b5 {[%clk 1:32:31]} 9. Nd5 {[%clk 1:33:25]} Be7 {[%clk
1:32:15]} 10. Be3 {[%clk 1:33:44]} Rb8 {[%clk 1:30:38]} 11. Qd2 {[%clk
1:33:42]} O-O {[%clk 1:29:44]} 12. O-O-O {[%clk 1:34:02]} Nxd5 {[%clk 1:24:13]}
13. exd5 {[%clk 1:34:18]} Na5 {[%clk 1:23:42]} 14. g4 {[%clk 1:34:35]} f5
{[%clk 1:20:21]} 15. h3 {[%clk 1:33:12]} Qc7 {[%clk 1:13:34]} 16. Rg1 {[%clk
1:32:53]} b4 {[%clk 1:12:04]} 17. Nb1 {[%clk 1:30:38]} b3 {[%clk 1:04:47]} 18.
Qc3 {[%clk 1:30:54]} Rb7 {[%clk 0:49:41]} 19. axb3 {[%clk 1:30:48]} fxg4 {[%clk
0:45:24]} 20. fxg4 {[%clk 1:28:55]} Rf3 {[%clk 0:43:09]} 21. Rd3 {[%clk
1:27:29]} e4 {[%clk 0:41:10]} 22. Be2 {[%clk 1:26:19]} Rxh3 {[%clk 0:34:53]}
23. Bf1 {[%clk 1:24:57]} exd3 {[%clk 0:30:04]} 24. Bxh3 {[%clk 1:24:49]} dxc2
{[%clk 0:29:08]} 25. Kxc2 {[%clk 1:23:11]} Qxc3+ {[%clk 0:27:40]} 26. Nxc3
{[%clk 1:23:11]} Nxb3 {[%clk 0:25:58]} 27. Bf1 {[%clk 1:20:46]} Rb4 {[%clk
0:22:56]} 28. Na2 {[%clk 1:11:49]} Re4 {[%clk 0:20:49]} 29. Rg3 {[%clk
1:10:51]} Nc5 {[%clk 0:16:45]} 30. b4 {[%clk 1:09:53]} Nd7 {[%clk 0:16:42]} 31.
Bd3 {[%clk 1:01:22]} Re5 {[%clk 0:16:18]} 32. Bd4 {[%clk 0:57:45]} Re1 {[%clk
0:15:06]} 33. Bf5 {[%clk 0:53:14]} Bf6 {[%clk 0:08:25]} 34. Bxf6 {[%clk
0:50:19]} gxf6 {[%clk 0:08:35]} 35. Be6+ {[%clk 0:50:17]} Kg7 {[%clk 0:06:19]}
36. Rc3 {[%clk 0:50:35]} Nb6 {[%clk 0:04:50]} 37. Bxc8 {[%clk 0:49:50]} Nxc8
{[%clk 0:05:15]} 38. Rxc8 {[%clk 0:50:09]} Re4 {[%clk 0:04:41]} 39. Rc6 {[%clk
0:50:04]} Rxg4 {[%clk 0:04:17]} 40. Rxd6 {[%clk 0:50:24]} h5 {[%clk 0:03:07]}
41. Rxa6 {[%clk 0:49:26]} h4 {[%clk 0:01:47]} 42. Ra7+ {[%clk 0:48:48]} Kg6
{[%clk 0:00:38]} 43. Ra8 {[%clk 0:44:51]} Rd4 {[%clk 0:29:14]} 44. Rh8 {[%clk
1:13:53]} Kg7 {[%clk 0:26:54]} 45. Rh5 {[%clk 1:13:51]} Kg6 {[%clk 0:26:45]}
46. Rh8 {[%clk 1:11:50]} Kg7 {[%clk 0:26:44]} 47. Kc3 {[%clk 1:09:51]} Rg4
{[%clk 0:19:45]} 48. Re8 {[%clk 1:09:59]} h3 {[%clk 0:18:10]} 49. Re1 {[%clk
1:10:09]} Kf7 {[%clk 0:17:16]} 50. d6 {[%clk 1:09:33]} h2 {[%clk 0:14:38]} 51.
d7 {[%clk 1:08:42]} Rg8 {[%clk 0:14:13]} 52. Kc4 {[%clk 1:08:20]} Rd8 {[%clk
0:14:08]} 53. Rh1 {[%clk 1:08:36]} Rxd7 {[%clk 0:12:56]} 54. Rxh2 {[%clk
1:09:01]} Kg6 {[%clk 0:12:56]} 55. b5 {[%clk 1:08:59]} Rc7+ {[%clk 0:12:46]}
56. Kd5 {[%clk 1:08:25]} f5 {[%clk 0:12:53]} 57. b6 {[%clk 1:08:36]} Rf7 {[%clk
0:12:36]} 58. Kc6 {[%clk 1:06:08]} f4 {[%clk 0:12:11]} 59. b7 {[%clk 1:06:19]}
Rf8 {[%clk 0:09:41]} 60. Kc7 {[%clk 1:06:25]} Kg5 {[%clk 0:08:03]} 61. b8=Q
{[%clk 1:05:55]} Rxb8 {[%clk 0:08:22]} 62. Kxb8 {[%clk 1:06:17]} Kg4 {[%clk
0:08:31]} 63. Nc3 {[%clk 1:06:22]} Kg3 {[%clk 0:08:30]} 64. Rc2 {[%clk
1:06:41]} f3 {[%clk 0:08:42]} 65. Nd1 {[%clk 1:07:05]} 1-0

[Event "DEM U14 2021"]
[Site "Willingen GER"]
[Date "2021.08.23"]
[Round "2"]
[White "Danninger, Hugo"]
[Black "Leubner, Paul Damdin"]
[Result "1-0"]
[Termination "normal"]
[Board "23"]
[WhiteElo "1749"]
[BlackElo "1407"]
[WhiteClock "00:41:45"]
[BlackClock "00:00:37"]
[PlyCount "52"]
[WhiteFideId "16271246"]
[BlackFideId "16265858"]
[EventCountry "GER"]
[EventRounds "9"]
[EventType "swiss"]
[EventDate "2021.08.22"]

1. e4 {[%clk 1:30:54]} c5 2. Nf3 {[%clk 1:30:52]} d6 {[%clk 1:30:54]} 3. d4
cxd4 {[%clk 1:30:53]} 4. Nxd4 {[%clk 1:31:14]} Nf6 {[%clk 1:30:33]} 5. Nc3
{[%clk 1:23:26]} a6 6. Be2 {[%clk 1:23:18]} e5 {[%clk 1:27:49]} 7. Nb3 {[%clk
1:22:58]} Be6 {[%clk 1:26:04]} 8. Be3 {[%clk 1:21:35]} Be7 9. f3 {[%clk
1:20:26]} h5 {[%clk 1:22:49]} 10. Qd2 {[%clk 1:14:52]} Nbd7 {[%clk 1:16:56]}
11. Rg1 {[%clk 1:11:31]} O-O 12. O-O-O {[%clk 1:11:07]} b5 {[%clk 1:10:51]} 13.
a3 {[%clk 1:11:27]} Bxb3 {[%clk 1:00:48]} 14. cxb3 {[%clk 1:10:05]} Rc8 {[%clk
0:52:08]} 15. Kb1 {[%clk 1:07:54]} Nc5 16. b4 {[%clk 1:06:44]} Ne6 {[%clk
0:49:44]} 17. g4 {[%clk 1:07:03]} hxg4 {[%clk 0:43:32]} 18. fxg4 {[%clk
0:56:32]} Nh7 {[%clk 0:31:41]} 19. Rg2 {[%clk 0:54:22]} Rc6 {[%clk 0:26:05]}
20. Rh1 {[%clk 0:48:11]} Bg5 21. Nd5 {[%clk 0:48:10]} Bxe3 {[%clk 0:19:51]} 22.
Qxe3 {[%clk 0:46:18]} Nd4 23. g5 {[%clk 0:46:29]} Nxe2 {[%clk 0:05:13]} 24.
Qxe2 {[%clk 0:46:00]} Nxg5 {[%clk 0:03:11]} 25. Rhg1 {[%clk 0:41:45]} Ne6
{[%clk 0:00:37]} 26. Rxg7+ Nxg7 1-0